[Event "ch-HUN Places"]
[Site "Balatonlelle HUN"]
[Date "2002.06.??"]
[Round "3"]
[White "Horvath,Jo"]
[Black "Horvath,Cs"]
[Result "1/2-1/2"]
[WhiteElo "2548"]
[BlackElo "2539"]
[EventDate "2002.06.??"]

1. e4 c5 2. Nf3 d6 3. d4 cxd4 4. Nxd4 Nf6 5. Nc3 a6 6. Bg5 e6 7. f4 Qb6 8.
Nb3 Nbd7 9. Qf3 Qc7 10. O-O-O b5 11. a3 Rb8 12. Bd3 Be7 13. Rhe1 b4 14.
axb4 Rxb4 15. Kb1 h6 16. Bh4 1/2-1/2

[Event "ch-HUN Places"]
[Site "Balatonlelle HUN"]
[Date "2002.06.??"]
[Round "4"]
[White "Horvath,Cs"]
[Black "Horvath,Jo"]
[Result "1/2-1/2"]
[WhiteElo "2539"]
[BlackElo "2548"]
[EventDate "2002.06.??"]

1. d4 Nf6 2. Nf3 d5 3. c4 e6 4. Nc3 Bb4 5. Bg5 h6 6. Bxf6 Qxf6 7. e3 O-O 8.
Rc1 Nd7 9. cxd5 exd5 10. a3 Bxc3+ 11. Rxc3 c6 12. Be2 Re8 13. O-O b6 14. b4
a5 15. Qc2 Bb7 1/2-1/2

[Event "ch-HUN Places"]
[Site "Balatonlelle HUN"]
[Date "2002.06.??"]
[Round "1"]
[White "Farago,I"]
[Black "Sax,G"]
[Result "1/2-1/2"]
[WhiteElo "2506"]
[BlackElo "2566"]
[EventDate "2002.06.??"]

1. d4 Nf6 2. c4 e6 3. Nf3 b6 4. g3 Bb7 5. Bg2 Be7 6. O-O O-O 7. Nc3 Ne4 8.
Nxe4 Bxe4 9. Ne1 Bxg2 10. Nxg2 d5 11. Qa4 dxc4 12. Qxc4 c5 13. Be3 cxd4 14.
Qxd4 Qxd4 15. Bxd4 Nc6 16. Bc3 Rfd8 17. Rad1 f6 18. Ne3 Kf7 19. Rxd8 Rxd8
20. Rd1 Rxd1+ 21. Nxd1 1/2-1/2

[Event "ch-HUN Places"]
[Site "Balatonlelle HUN"]
[Date "2002.06.??"]
[Round "2"]
[White "Sax,G"]
[Black "Farago,I"]
[Result "1/2-1/2"]
[WhiteElo "2566"]
[BlackElo "2506"]
[EventDate "2002.06.??"]

1. e4 e6 2. d4 d5 3. Nc3 Bb4 4. e5 Ne7 5. a3 Bxc3+ 6. bxc3 c5 7. Qg4 Qc7 8.
Bd3 c4 9. Be2 Nf5 10. Nf3 Nc6 11. Qh5 h6 12. O-O Bd7 13. g4 Nfe7 14. Ng5
Rf8 15. Nh7 Rh8 16. Ng5 Rf8 17. Nh7 Rh8 18. Ng5 1/2-1/2

[Event "ch-HUN Places"]
[Site "Balatonlelle HUN"]
[Date "2002.06.??"]
[Round "4"]
[White "Sax,G"]
[Black "Farago,I"]
[Result "0-1"]
[WhiteElo "2566"]
[BlackElo "2506"]
[EventDate "2002.06.??"]

1. e4 e6 2. d4 d5 3. Nc3 Bb4 4. e5 Ne7 5. a3 Bxc3+ 6. bxc3 c5 7. Qg4 O-O 8.
Bd3 f5 9. exf6 Rxf6 10. Bg5 Rf7 11. Qh5 g6 12. Qd1 Nbc6 13. Nf3 c4 14. Be2
Qa5 15. Qd2 Nf5 16. O-O Bd7 17. Bf4 Re8 18. Ne5 Nxe5 19. Bxe5 Ba4 20. g4
Ng7 21. f4 Qd8 22. Rf2 0-1

[Event "ch-HUN Places"]
[Site "Balatonlelle HUN"]
[Date "2002.06.??"]
[Round "1"]
[White "Horvath,P1"]
[Black "Medvegy,Z"]
[Result "1-0"]
[WhiteElo "2489"]
[BlackElo "2500"]
[EventDate "2002.06.??"]

1. d4 e6 2. c4 Nf6 3. Nf3 b6 4. Nc3 Bb7 5. Bg5 h6 6. Bh4 g5 7. Bg3 Nh5 8.
e3 Nxg3 9. fxg3 g4 10. Nh4 Qg5 11. Qd2 Nc6 12. Be2 h5 13. O-O Bh6 14. Rf4
Qg7 15. Rf2 O-O-O 16. c5 bxc5 17. d5 Nb4 18. d6 Qe5 19. dxc7 Rdf8 20. Nd1
Kxc7 21. Rc1 Nc6 22. b4 cxb4 23. Qxb4 Bxe3 24. Nxe3 Qxe3 25. Rc3 Qb6 26.
Qf4+ Kc8 27. Kh1 Qc7 28. Qa4 Kb8 29. Rb3 Ka8 30. Bf1 Rhg8 31. Rc2 f5 32.
Bb5 f4 33. Ra3 f3 34. gxf3 gxf3 35. Nxf3 Qb6 36. Bxc6 Bxc6 37. Rxc6 dxc6
38. Kg2 h4 39. Rb3 Qc7 40. Qxh4 e5 41. Qe4 Re8 42. Rc3 Qb7 43. Rxc6 Rg4 44.
Qc2 e4 45. Ne5 Rgg8 46. Rc7 Qd5 47. Nc6 e3+ 48. Kg1 Qa5 49. Nxa5 e2 50.
Qc6+ 1-0

[Event "ch-HUN Places"]
[Site "Balatonlelle HUN"]
[Date "2002.06.??"]
[Round "2"]
[White "Medvegy,Z"]
[Black "Horvath,P1"]
[Result "0-1"]
[WhiteElo "2500"]
[BlackElo "2489"]
[EventDate "2002.06.??"]

1. e4 c5 2. Nf3 Nc6 3. d4 cxd4 4. Nxd4 Nf6 5. Nc3 e5 6. Ndb5 d6 7. Bg5 a6
8. Na3 b5 9. Bxf6 gxf6 10. Nd5 Bg7 11. g3 f5 12. Bg2 fxe4 13. Bxe4 Be6 14.
c3 O-O 15. Ne3 Qd7 16. O-O Rad8 17. Bd5 Ne7 18. Bxe6 Qxe6 19. Nac2 d5 20.
Re1 d4 21. cxd4 exd4 22. Ng2 Qd6 23. Qd3 Nc6 24. f4 Qd5 25. b3 a5 26. Rad1
Qc5 27. Nh4 f5 28. Nf3 Rfe8 29. Nh4 Rf8 30. Re6 Nb4 31. Nxb4 axb4 32. Re2
Rc8 33. Nf3 Qd5 34. Ne5 Rcd8 35. Qf3 Qxf3 36. Nxf3 Rf7 37. Red2 Rfd7 38.
Kf2 d3 39. Ne5 Bxe5 40. fxe5 Rd5 41. e6 Kf8 42. Re1 Ke7 43. Re3 R8d6 44.
Kf3 Rd4 45. Re5 R6d5 46. Rxd5 Rxd5 47. Ke3 Kxe6 48. Rxd3 Rc5 49. Rd4 Rc2
50. h4 Rxa2 51. Rxb4 Ra5 52. Kf4 Kf6 53. h5 h6 54. Rd4 Ra3 55. Rd6+ Kg7 56.
b4 Rb3 57. Kxf5 Rxb4 58. Rd7+ Kg8 59. Rb7 Rb1 60. Kg6 Kf8 61. Rf7+ Kg8 62.
Rf3 Rc1 63. Kxh6 Rc6+ 64. Kg5 b4 65. Rb3 Rb6 66. g4 Kg7 67. Kh4 Rb5 68. g5
Rb8 69. Kg4 Rb5 70. Kf4 Kf7 71. h6 Kg6 72. Rh3 Rb8 73. Re3 b3 74. Re6+ Kf7
75. Rf6+ Ke7 76. Ke5 b2 77. Re6+ Kf7 78. g6+ Kg8 79. Kf6 b1=Q 0-1

[Event "ch-HUN Places"]
[Site "Balatonlelle HUN"]
[Date "2002.06.??"]
[Round "1"]
[White "Gyimesi,Z"]
[Black "Chernin,A"]
[Result "1/2-1/2"]
[WhiteElo "2605"]
[BlackElo "2583"]
[EventDate "2002.06.??"]

1. d4 d5 2. c4 c6 3. Nf3 Nf6 4. Nc3 a6 5. c5 Nbd7 6. Bf4 Nh5 7. e3 g6 8.
Bd3 Bg7 9. O-O O-O 10. h3 Nxf4 11. exf4 Qc7 12. g3 b6 13. b4 bxc5 14. bxc5
Nxc5 15. Kg2 Ne6 16. Rc1 Qa7 17. Ne2 c5 18. dxc5 Nxc5 19. Ned4 Bd7 20. Ne5
Bxe5 21. fxe5 Nxd3 22. Qxd3 Bb5 1/2-1/2

[Event "ch-HUN Places"]
[Site "Balatonlelle HUN"]
[Date "2002.06.??"]
[Round "2"]
[White "Chernin,A"]
[Black "Gyimesi,Z"]
[Result "1-0"]
[WhiteElo "2583"]
[BlackElo "2605"]
[EventDate "2002.06.??"]

1. d4 Nf6 2. c4 e6 3. Nc3 Bb4 4. Qc2 O-O 5. a3 Bxc3+ 6. Qxc3 b6 7. Bg5 Ba6
8. e3 d6 9. Qc2 Nbd7 10. Ne2 Rc8 11. Nc3 Bb7 12. e4 c5 13. d5 exd5 14. cxd5
Re8 15. Be2 Qe7 16. f3 c4 17. O-O a6 18. a4 Ne5 19. Rae1 Ng6 20. Qd2 h6 21.
Be3 Qc7 22. Bd1 Re7 23. Bc2 Rce8 24. Bd4 Nd7 25. Nd1 b5 26. axb5 axb5 27.
Ne3 f6 28. Nf5 Rf7 29. Qf2 Nde5 30. Qg3 Kh7 31. f4 Nd3 32. Bxd3 cxd3 33.
Rc1 Qd7 34. Qxd3 Ra8 35. Rf2 Rff8 36. Bc3 Ra4 37. b3 Raa8 38. Bb4 Ra6 39.
g3 Rfa8 40. Rfc2 Ra1 41. Qd4 Rxc1+ 42. Rxc1 Ra2 43. Bxd6 b4 44. Rc7 Qb5 45.
Rxg7+ Kh8 46. Rxg6 Rg2+ 47. Kxg2 Qe2+ 48. Kh3 Qh5+ 49. Nh4 Bc8+ 50. f5
Bxf5+ 51. exf5 Kh7 52. Qa7+ 1-0

[Event "ch-HUN Places"]
[Site "Balatonlelle HUN"]
[Date "2002.06.??"]
[Round "5"]
[White "Horvath,Jo"]
[Black "Horvath,Cs"]
[Result "1/2-1/2"]
[WhiteElo "2548"]
[BlackElo "2539"]
[EventDate "2002.06.??"]

1. c4 e6 2. Nf3 Nf6 3. g3 b6 4. Bg2 Bb7 5. d4 Be7 6. O-O O-O 7. b3 c5 8.
Bb2 cxd4 9. Qxd4 d6 10. Nc3 a6 11. Rfd1 Nbd7 12. Ng5 Bxg2 13. Kxg2 Qc7 14.
Nce4 h6 15. Nf3 Nc5 16. Nxf6+ Bxf6 17. Qd2 1/2-1/2

[Event "ch-HUN Semi-Final"]
[Site "Balatonlelle HUN"]
[Date "2002.06.??"]
[Round "1"]
[White "Ruck,R"]
[Black "Cao,S"]
[Result "1/2-1/2"]
[WhiteElo "2569"]
[BlackElo "2502"]
[EventDate "2002.06.??"]

1. Nf3 Nf6 2. c4 g6 3. d4 Bg7 4. g3 d6 5. Nc3 O-O 6. Bg2 Nbd7 7. O-O e5 8.
h3 c6 9. e4 exd4 10. Nxd4 Re8 11. Bf4 Nc5 12. Re1 Nh5 13. Be3 a5 14. Qd2
Nf6 15. Qc2 Qe7 16. Rad1 Nfd7 17. b3 Ne5 18. f4 Ned7 19. Bf2 Nf8 20. Rd2
Bd7 21. Red1 Rad8 22. a3 Bc8 23. b4 axb4 24. axb4 Nce6 25. Kh2 f5 26. Nxe6
Bxe6 27. c5 Qf7 28. Rc1 dxc5 29. Rxd8 Rxd8 30. bxc5 Bxc3 31. Qxc3 fxe4
1/2-1/2

[Event "ch-HUN Semi-Final"]
[Site "Balatonlelle HUN"]
[Date "2002.06.??"]
[Round "2"]
[White "Cao,S"]
[Black "Ruck,R"]
[Result "1/2-1/2"]
[WhiteElo "2502"]
[BlackElo "2569"]
[EventDate "2002.06.??"]

1. e4 c6 2. d4 d5 3. Nc3 dxe4 4. Nxe4 Bf5 5. Ng3 Bg6 6. h4 h6 7. Nf3 Nd7 8.
h5 Bh7 9. Bd3 Bxd3 10. Qxd3 Ngf6 11. Bf4 e6 12. O-O-O Be7 13. Kb1 O-O 14.
Ne4 Qa5 15. Nxf6+ Nxf6 16. Ne5 Rad8 17. Qg3 Kh8 18. Qf3 Qd5 19. Qxd5 cxd5
20. f3 Nd7 21. g4 Nxe5 22. Bxe5 Rc8 23. Bf4 Rc6 24. Rhg1 Kh7 25. Rg2 g5 26.
Bc1 Bd6 27. Re1 Bb8 28. Rge2 Kg7 29. c3 Kf6 30. Kc2 Ke7 31. Kd3 Bd6 32. Bd2
Ra6 33. a3 Rb6 34. Bc1 Rc6 35. Bd2 Rb6 36. Bc1 Rc6 37. Bd2 Rb6 38. Bc1 Rc6
39. Bd2 Rb6 1/2-1/2

[Event "ch-HUN Semi-Final"]
[Site "Balatonlelle HUN"]
[Date "2002.06.??"]
[Round "3"]
[White "Ruck,R"]
[Black "Cao,S"]
[Result "1/2-1/2"]
[WhiteElo "2569"]
[BlackElo "2502"]
[EventDate "2002.06.??"]

1. Nf3 c5 2. c4 Nc6 3. Nc3 e5 4. e3 Nf6 5. a3 d5 6. cxd5 Nxd5 7. Bb5 Nxc3
8. bxc3 Bd6 9. e4 O-O 10. O-O Be6 11. d3 h6 12. Rb1 Qc7 13. Nd2 Na5 14. Bc4
Nxc4 15. Nxc4 Rfd8 16. Qh5 b6 17. Re1 Bxc4 18. dxc4 Bf8 19. Qe2 Qc6 20. Bb2
Rab8 21. Red1 Rxd1+ 22. Rxd1 b5 23. Ba1 a6 24. g3 Qe6 25. cxb5 Rxb5 26. c4
Rb3 27. Qc2 Qb6 28. Rd3 Rb1+ 29. Rd1 Rb3 30. Rd3 Rb1+ 31. Rd1 Rb3 32. Rd3
1/2-1/2

[Event "ch-HUN Semi-Final"]
[Site "Balatonlelle HUN"]
[Date "2002.06.??"]
[Round "1"]
[White "Acs,P"]
[Black "Berkes,F"]
[Result "1-0"]
[WhiteElo "2529"]
[BlackElo "2511"]
[EventDate "2002.06.??"]

1. e4 c5 2. Nf3 e6 3. d4 cxd4 4. Nxd4 Nc6 5. Nb5 d6 6. c4 Nf6 7. N1c3 a6 8.
Na3 b6 9. Be3 Ne5 10. Be2 Bb7 11. f3 Be7 12. O-O Qc7 13. Rc1 O-O 14. Qe1
Rac8 15. Qf2 Ned7 16. Kh1 Rfe8 17. Rfd1 Kh8 18. Nab1 Bc6 19. Nd5 Qb8 20.
Nxb6 Nxb6 21. Bxb6 Nd7 22. Bd4 e5 23. Bc3 Bd8 24. c5 Nxc5 25. b4 Na4 26.
Bxa6 Bb7 27. Bb5 Bc6 28. Bxc6 Rxc6 29. Bd2 Bb6 30. Qe2 Rxc1 31. Rxc1 Bd4
32. Qa6 Qa8 33. Qxa8 Rxa8 34. Rc2 g6 35. g3 Kg7 36. Kg2 Kf6 37. Kf1 Ke6 38.
Ke2 d5 39. Na3 dxe4 40. fxe4 Rb8 41. Rc7 f5 42. Kf3 Bb6 43. Rc6+ Kd7 44. b5
Bc5 45. Nc4 Bd4 46. Rd6+ Ke7 47. Bb4 fxe4+ 48. Kxe4 Rxb5 49. Rb6+ Rxb4 50.
Rxb4 Nc3+ 51. Kd3 Nxa2 52. Rb7+ Ke6 53. Rxh7 Nb4+ 54. Ke4 Nd5 55. Rh8 Nf6+
56. Kd3 Bc5 57. Rc8 e4+ 58. Ke2 Bd4 59. Ne3 Ke5 60. Rc6 g5 61. Nc4+ Kf5 62.
h3 g4 63. h4 Nh5 64. Ne3+ Ke5 65. Nf1 Nf6 66. Ra6 Nd5 67. Rg6 Nc3+ 68. Kd2
e3+ 69. Nxe3 Ne4+ 70. Kd3 Bxe3 71. Kxe3 Nxg3 72. Rxg4 Nf5+ 73. Kf3 Kf6 74.
h5 Kf7 75. Kf4 Nh6 76. Rg6 Ng8 77. Kg5 Ne7 78. Ra6 Nd5 79. Rd6 Nc3 80. Rd7+
1-0

[Event "ch-HUN Semi-Final"]
[Site "Balatonlelle HUN"]
[Date "2002.06.??"]
[Round "2"]
[White "Berkes,F"]
[Black "Acs,P"]
[Result "0-1"]
[WhiteElo "2511"]
[BlackElo "2529"]
[EventDate "2002.06.??"]

1. d4 d5 2. c4 c6 3. Nf3 Nf6 4. Qc2 dxc4 5. e4 b5 6. b3 cxb3 7. axb3 e6 8.
Bd2 Be7 9. Ba5 Qd7 10. Bd3 b4 11. O-O Ba6 12. Bc4 Qb7 13. Nbd2 O-O 14. Rfd1
h6 15. Ne5 c5 16. d5 exd5 17. exd5 Nxd5 18. Ne4 Bxc4 19. Qxc4 Nf6 20. Ng3
Nbd7 21. Ng6 Rfe8 22. Nf5 Bf8 23. Nxf8 Rxf8 24. Qf4 Kh7 25. Bc7 Rfc8 26.
Qg3 g6 27. Qh3 h5 28. Bg3 Ne4 29. Nd6 Nxd6 30. Rxd6 Nf8 31. Bh4 Re8 32. g4
Re6 33. Rxe6 Nxe6 34. gxh5 Nf4 35. hxg6+ fxg6 36. Qg4 Qe4 37. h3 Ne2+ 38.
Kf1 Qh1+ 39. Kxe2 Qxa1 40. Qd7+ Qg7 41. Qd5 Re8+ 42. Kf1 Re5 43. Qc4 Qd7
44. Kg1 Qd5 45. Qc1 Qe4 46. Qb2 Qd4 0-1

[Event "ch-HUN Final"]
[Site "Balatonlelle HUN"]
[Date "2002.06.08"]
[Round "1"]
[White "Acs,P"]
[Black "Ruck,R"]
[Result "1/2-1/2"]
[WhiteElo "2529"]
[BlackElo "2569"]
[EventDate "2002.06.??"]

1. e4 c6 2. c4 d5 3. exd5 cxd5 4. cxd5 Nf6 5. Nc3 Nxd5 6. Nf3 Nxc3 7. bxc3
g6 8. Bb5+ Bd7 9. a4 Bg7 10. d4 O-O 11. O-O Nc6 12. Re1 e6 13. Rb1 Rc8 14.
Ng5 Ne7 15. Ne4 Bxb5 16. Rxb5 Qc7 17. Ba3 Rfd8 18. Rc5 Qd7 19. a5 Nd5 20.
Qb3 Rb8 21. Rb1 b6 22. axb6 Rxb6 23. Rb5 Rdb8 24. Rxb6 Rxb6 25. Qd1 Qa4 26.
Bc5 Rxb1 27. Qxb1 h6 28. h3 a5 29. Qb8+ Kh7 30. Qb7 Qd1+ 31. Kh2 Qe2 32. c4
Qxe4 33. cxd5 Qf4+ 34. Kg1 exd5 35. Qxd5 Qc1+ 36. Kh2 Qf4+ 37. Kg1 a4 38.
Qc4 a3 39. Bxa3 Bxd4 40. Qe2 1/2-1/2

[Event "ch-HUN Final"]
[Site "Balatonlelle HUN"]
[Date "2002.06.09"]
[Round "2"]
[White "Ruck,R"]
[Black "Acs,P"]
[Result "1/2-1/2"]
[WhiteElo "2569"]
[BlackElo "2529"]
[EventDate "2002.06.??"]

1. Nf3 d5 2. d4 Nf6 3. c4 c6 4. Nc3 dxc4 5. a4 Bf5 6. Ne5 Nbd7 7. Nxc4 Nb6
8. Ne5 a5 9. g3 g6 10. Bg2 Bg7 11. O-O O-O 12. e3 Nfd7 13. Nxd7 Qxd7 14.
Qb3 Nc8 15. Ne4 b6 16. Rd1 Bg4 17. Re1 Be6 18. Qc2 Bd5 19. Bd2 Nd6 20. Nxd6
Bxg2 21. Kxg2 Qxd6 22. Bc3 c5 1/2-1/2

[Event "ch-HUN Final"]
[Site "Balatonlelle HUN"]
[Date "2002.06.09"]
[Round "3"]
[White "Acs,P"]
[Black "Ruck,R"]
[Result "1/2-1/2"]
[WhiteElo "2529"]
[BlackElo "2569"]
[EventDate "2002.06.??"]

1. e4 c6 2. c4 d5 3. exd5 cxd5 4. cxd5 Nf6 5. Nc3 Nxd5 6. Nf3 Nxc3 7. bxc3
g6 8. Bb5+ Bd7 9. a4 Bg7 10. d4 O-O 11. O-O Nc6 12. Re1 e6 13. Ng5 Na5 14.
Rb1 Bxb5 15. axb5 Nc4 16. Ne4 Qd5 17. Qf3 a5 18. bxa6 bxa6 19. Bg5 h6 20.
Bf6 Qf5 21. Qxf5 gxf5 22. Bxg7 Kxg7 23. Nc5 a5 24. Rb7 Kg6 25. h3 Rfb8 26.
Rxb8 Rxb8 27. Ra1 Rb5 28. g3 Nd2 29. Kg2 Ne4 30. Nxe4 fxe4 31. Ra3 f5 32.
Kf1 h5 33. h4 Kf6 34. Ke2 Rb2+ 35. Ke3 Rc2 36. f3 exf3 37. Kxf3 Ke7 38. Ke3
a4 39. Rxa4 Rxc3+ 40. Kf4 Kf6 41. Rb4 Rd3 42. Ra4 1/2-1/2

[Event "ch-HUN Final"]
[Site "Balatonlelle HUN"]
[Date "2002.06.09"]
[Round "4"]
[White "Ruck,R"]
[Black "Acs,P"]
[Result "1/2-1/2"]
[WhiteElo "2569"]
[BlackElo "2529"]
[EventDate "2002.06.??"]

1. Nf3 d5 2. d4 Nf6 3. c4 e6 4. Nc3 dxc4 5. e4 Bb4 6. Bg5 c5 7. Bxc4 cxd4
8. Nxd4 Bxc3+ 9. bxc3 Qa5 10. Bxf6 Qxc3+ 11. Kf1 gxf6 12. Rc1 Qa5 13. Bb5+
Ke7 14. e5 fxe5 15. Qh5 Nd7 16. Qg5+ Kd6 17. Bc4 a6 18. Ke2 Kc7 19. Nb3
Qxa2+ 20. Nd2 Qa5 21. Bxe6+ Kb8 22. Bxf7 Rf8 23. Qe7 Qb5+ 24. Nc4 Qc5 25.
Qxc5 Nxc5 26. Nb6 Rxf7 27. Rxc5 Bf5 28. Rxe5 Ka7 29. Nxa8 1/2-1/2

[Event "ch-HUN Final"]
[Site "Balatonlelle HUN"]
[Date "2002.06.09"]
[Round "5"]
[White "Acs,P"]
[Black "Ruck,R"]
[Result "0-1"]
[WhiteElo "2529"]
[BlackElo "2569"]
[EventDate "2002.06.??"]

1. e4 c6 2. d4 d5 3. e5 Bf5 4. c3 e6 5. Be3 Nd7 6. Nd2 Qb6 7. Qb3 f6 8. f4
h5 9. Ngf3 Ne7 10. Be2 Bg4 11. O-O Nf5 12. Bf2 h4 13. h3 Bxf3 14. Nxf3 Be7
15. Bd3 fxe5 16. fxe5 g6 17. Qxb6 axb6 18. Be1 b5 19. a3 Nb6 20. Bd2 Nc4
21. Bxc4 bxc4 22. Rf2 Ra6 23. Re1 c5 24. Bg5 Bxg5 0-1

[Event "ch-HUN 3rd-4th Playoff"]
[Site "Balatonlelle HUN"]
[Date "2002.06.08"]
[Round "1"]
[White "Berkes,F"]
[Black "Cao,S"]
[Result "1/2-1/2"]
[WhiteElo "2511"]
[BlackElo "2502"]
[EventDate "2002.06.??"]

1. d4 Nf6 2. c4 e6 3. g3 Bb4+ 4. Bd2 Bxd2+ 5. Qxd2 d5 6. Bg2 c6 7. Nf3 O-O
8. O-O Nbd7 9. cxd5 cxd5 10. Nc3 b6 11. Rac1 Bb7 12. Qf4 a6 13. Rfd1 Rc8
14. Ne5 Qe7 15. h4 Rfd8 16. Nd3 h6 17. e3 Rc4 18. a3 Rdc8 19. Bf1 Nf8 20.
Ne5 R4c7 21. Na2 Ne4 22. Rxc7 Rxc7 23. Rc1 Rxc1 24. Nxc1 Qc7 25. Ng6 Qxf4
26. Nxf4 Nd7 27. Bd3 Nd6 28. b3 Kf8 29. Na2 Ke7 30. Nc3 g5 31. hxg5 hxg5
32. Nfe2 f6 33. f3 f5 34. Kf2 Kf6 35. Nc1 Ke7 36. b4 Kf6 37. Nb3 Ke7 38.
Ke2 Kf7 39. a4 Nb8 40. a5 b5 41. Nc5 Nc6 42. Na2 Bc8 43. Bc2 Ne8 44. Nd3
Nf6 45. Nac1 Ke7 46. Nb3 Kd6 47. Bd1 Ke7 48. Ke1 Kd6 49. Be2 Bd7 50. Kf2
Bc8 51. Bf1 Bd7 52. Bh3 Bc8 53. Nbc5 Ke7 54. Ke2 Kd6 55. Bg2 Ke7 56. Ke1
Kd6 57. Bf1 Ke7 58. Be2 Kd6 59. Kd2 Ke7 60. Bd1 Kd6 61. Kc3 Nh5 62. g4 fxg4
63. fxg4 Nf6 64. Bf3 e5 65. dxe5+ Nxe5 66. Nxe5 Kxe5 67. Kd3 Ne8 68. Kd2
Nf6 69. Kd3 Ne8 70. Kc3 1/2-1/2

[Event "ch-HUN 3rd-4th Playoff"]
[Site "Balatonlelle HUN"]
[Date "2002.06.09"]
[Round "2"]
[White "Cao,S"]
[Black "Berkes,F"]
[Result "1-0"]
[WhiteElo "2502"]
[BlackElo "2511"]
[EventDate "2002.06.??"]

1. e4 c5 2. Nf3 e6 3. d4 cxd4 4. Nxd4 Nc6 5. Nxc6 bxc6 6. Bd3 Nf6 7. O-O
Qc7 8. c4 Bd6 9. h3 h6 10. Be3 Bf4 11. Qf3 Bxe3 12. Qxe3 d6 13. Nc3 O-O 14.
Rfd1 Rb8 15. b3 a6 16. Rac1 c5 17. Bb1 e5 18. Rd3 Rb6 19. Rcd1 Bb7 20. Bc2
Qe7 21. a3 Rc6 22. Qe2 Rfc8 23. Rg3 Rb6 24. a4 Rf8 25. Rdd3 Qe6 26. Bd1 Kh8
27. a5 Rc6 28. Qd2 Rd8 29. Qe2 Rcc8 30. Bc2 Qe7 31. Rd1 Bc6 32. Rgd3 Rd7
33. R3d2 Rb8 34. Qe3 Nh5 35. Ne2 Re8 36. g4 Nf6 37. Ng3 Qd8 38. Nf5 Re6 39.
f3 Ne8 40. b4 cxb4 41. Bb3 g6 42. Qxh6+ Kg8 43. c5 gxf5 44. Bxe6 fxe6 45.
Qxe6+ Kf8 46. Qh6+ Kg8 47. Qg6+ Kf8 48. Qh6+ Kg8 49. Qe6+ Kf8 50. cxd6 Qxa5
51. Qh6+ Kg8 52. gxf5 Rg7+ 53. Kh2 Qc5 54. f6 Nxf6 55. Qxf6 Bd7 56. Qd8+
Kh7 57. Qh4+ Kg8 58. Rf2 b3 59. Rdd2 b2 60. Rxb2 Qxd6 61. Rg2 Be8 62. Rxg7+
Kxg7 63. Rb7+ Bf7 64. Qg5+ Kf8 65. Rb2 a5 66. Rd2 Qe6 67. Qd8+ Kg7 68. Qxa5
Qf6 69. Rg2+ Kh7 70. Qc3 Qf4+ 71. Kg1 Kh6 1-0